000 00680nam a2200241Ia 4500
003 OSt
005 20220918223533.0
006 a|||||r|||| 00| 0
007 ta
008 220917b |||||||| |||| 00| 0 eng d
024 _a223,318
037 _cTextual
040 _aARTS
_cARTS
_beng
041 _2eng
_aeng
082 _a23:(X:9), P4 (2D)
100 _aOldroyd Margaret Ed.
_946795
245 0 _aDeveloping academic library staff for future success
260 _aLondon
_bFacet Publishing
_c2004
300 _axx,184p.
_ccm.
650 _aLIBRARY SCIENCE
942 _h23:(X:9), P4 (2D)
_cTEXL
_2CC
999 _c278739
_d278739